| 000 | 01771nam0a2200409 4500 | ||
|---|---|---|---|
| 001 | RU\NLR\bibl\83141 | ||
| 005 | 20260405174149.0 | ||
| 010 |
_a5-87685-105-1 _9110000 |
||
| 020 |
_aRU _b98-26948 _9Книжная летопись |
||
| 021 |
_aRU _b98-17939 _9850 |
||
| 035 | _a(NLR Aleph) 000081197 | ||
| 090 |
_a452142 _c452142 |
||
| 100 | _a20000410d1997 |||y0rusy50 ca | ||
| 101 | 0 | _arus | |
| 102 | _aRU | ||
| 105 | _aa ||||||||| | ||
| 200 | 1 |
_aЗадачи по геометрии _e[7-11] _fТ. Г. Ходот, И. Д. Захарченко, А. Б. Михайлова |
|
| 210 |
_aСПб. _cСпец. лит. _d1997 |
||
| 215 |
_a278,[1] с. _cил. _d22 |
||
| 300 | _aНа обл. авт. не указаны | ||
| 309 | _aНа тит. л.: Ком. по образованию, Санкт-Петербург. Фонд "Учеб. лит." | ||
| 320 | _aБиблиогр.: с. 277-279 (56 назв.) | ||
| 606 | 0 |
_aГеометрия _jЗадачники _9935458 _3RU\NLR\auth\6626625 |
|
| 610 | 0 | _aГеометрия - Задачи - Решение | |
| 675 |
_a373.167.1:514+514(075.3) _v3 _zrus |
||
| 686 |
_a14.25 _2rugasnti |
||
| 686 |
_a22.151я721 _2rubbk |
||
| 686 | _aВ181.11я721-4 | ||
| 700 | 1 |
_4070 _8rus _7ca _aХодот _bТ. Г. _f1941- _gТатьяна Георгиевна _3RU\NLR\auth\7775449 _958377 |
|
| 701 | 1 |
_4070 _8rus _7ca _aЗахарченко _bИ. Д. _cматематик _gИрина Дмитриевна _3RU\NLR\auth\7743486 _926429 |
|
| 701 | 1 |
_4070 _8rus _7ca _aМихайлова _bА. Б. _cматематик _gАнна Борисовна _3RU\NLR\auth\7743461 _926404 |
|
| 801 | 0 |
_aRU _bRKP _c20000410 _gPSBO |
|
| 801 | 1 |
_aRU _bRKP _c20000410 |
|
| 801 | 2 |
_aRU _bNLR _c20091028 _grcr |
|
| 852 |
_aNLR _j98-5/1717 |
||
| 942 | _cBOOK | ||
| 980 | _aNB | ||